Fundamentals of Computer with MS office Applications / (Record no. 1127)

MARC details
000 -LEADER
Fixed length control field 00528nam a2200181 4500
003 - CONTROL NUMBER IDENTIFIER
Control field SEACOMMC
005 - DATE AND TIME OF LATEST TRANSACTION
Control field 20250506153421.0
008 - FIXED-LENGTH DATA ELEMENTS--GENERAL INFORMATION
Fixed length control field 250310b |||||||| |||| 00| 0 eng d
020 ## - INTERNATIONAL STANDARD BOOK NUMBER / ISBN
International Standard Book Number 81-8732-888-6
Price Rs.1140.00
040 ## - CATALOGING SOURCE
Original cataloging agency SEACOMMC
082 ## - DEWEY DECIMAL CLASSIFICATION NUMBER
Classification number 005.369
Book Number S 243
100 ## - MAIN ENTRY--PERSONAL NAME
Personal name Saravanan, N
245 1# - TITLE STATEMENT
Title Fundamentals of Computer with MS office Applications /
Statement of responsibility N. Saravanan [and] D. Shanthi
250 ## - EDITION STATEMENT
Edition statement Reprint ed.
260 ## - IMPRINT
Place of publication Hyderabad
Name of publisher Scitech Publications
Date of publication c 2002
650 ## - SUBJECT ADDED ENTRY--TOPICAL TERM
Topical term Computer Science
942 ## - ADDED ENTRY ELEMENTS (KOHA)
Koha item type Books
Holdings
Withdrawn status Lost status Source of classification Damaged status Not for loan Home library Current library Shelving location Date acquired Total Checkouts Call number Accession number Date last seen Price effective from Koha item type Copy number
    Dewey Decimal Classification     SEACOM MANAGEMENT COLLEGE SEACOM MANAGEMENT COLLEGE Reference 19/09/2009   005.369 S 243 M-2478 10/03/2025 10/03/2025 Books  
    Dewey Decimal Classification     SEACOM MANAGEMENT COLLEGE SEACOM MANAGEMENT COLLEGE   19/09/2009   005.369 S 243 M-2479 10/03/2025 10/03/2025 Books 1
    Dewey Decimal Classification     SEACOM MANAGEMENT COLLEGE SEACOM MANAGEMENT COLLEGE   19/09/2009   005.369 S 243 M-2480 10/03/2025 10/03/2025 Books 2
    Dewey Decimal Classification     SEACOM MANAGEMENT COLLEGE SEACOM MANAGEMENT COLLEGE   19/09/2009   005.369 S 243 M-2481 10/03/2025 10/03/2025 Books 3
    Dewey Decimal Classification     SEACOM MANAGEMENT COLLEGE SEACOM MANAGEMENT COLLEGE   19/09/2009   005.369 S 243 M-2482 10/03/2025 10/03/2025 Books 4
    Dewey Decimal Classification     SEACOM MANAGEMENT COLLEGE SEACOM MANAGEMENT COLLEGE   19/09/2009   005.369 S 243 M-2483 10/03/2025 10/03/2025 Books 5
© Seacom Engineering College, All rights reserved.    Powered by Koha